Malá encyklopédia matematiky
Salvato in:
| Natura: | Libro |
|---|---|
| Lingua: | slovacco |
| Pubblicazione: |
Bratislava
Obzor
1978
|
| Edizione: | 2. preprac. a rozšír. vyd. |
| Tags: |
Nessun Tag, puoi essere il primo ad aggiungerne!!
|
MARC
| LEADER | 00000nam a2200000 4500 | ||
|---|---|---|---|
| 001 | c119974 | ||
| 005 | 20260327071536.2 | ||
| 041 | 0 | |a slo | |
| 044 | |a SK | ||
| 245 | 1 | 0 | |a Malá encyklopédia matematiky |c Tibor Šalát a kol. |
| 250 | |a 2. preprac. a rozšír. vyd. | ||
| 264 | 1 | |a Bratislava |b Obzor |c 1978 | |
| 300 | |a 854 s. | ||